| 000 | 00633nam a2200181 4500 | ||
|---|---|---|---|
| 001 | 112283 | ||
| 003 | ES-MaACL | ||
| 005 | 20250828091404.0 | ||
| 007 | t| | ||
| 008 | 061121s1975 sp r ||||1| spa d | ||
| 100 | 1 |
_aMuñoz Cortés, Manuel. _984379 |
|
| 245 | 1 | 3 |
_aLa lengua como comunicación y su didáctica en la cultura nacional / _cManuel Muñoz Cortés. |
| 260 |
_aMurcia : _bUniversidad, Instituto de Ciencias de la Educación, _c1975. |
||
| 300 |
_a38 p. ; _c17 cm. |
||
| 710 | 2 |
_aUniversidad de Murcia. Instituto de Ciencias de la Educación _97246 |
|
| 852 |
_aES-MaACL _j2086-F-35 _bR.92208 |
||
| 999 |
_c112283 _d112283 |
||